| 000 -LEADER |
| fixed length control field |
00663nam a2200205Ia 4500 |
| 001 - CONTROL NUMBER |
| control field |
12942 |
| 003 - CONTROL NUMBER IDENTIFIER |
| control field |
GE_BSU |
| 008 - FIXED-LENGTH DATA ELEMENTS--GENERAL INFORMATION |
| fixed length control field |
181216s||||||||xx |||||||||||||| ||und|| |
| 040 ## - CATALOGING SOURCE |
| Transcribing agency |
GE_BSU |
| 245 ## - TITLE STATEMENT |
| Title |
Вопросы Культурологии. №10 2014 |
| 245 ## - TITLE STATEMENT |
| Remainder of title |
научно-практический и методический журнал. |
| 245 ## - TITLE STATEMENT |
| Statement of responsibility, etc. |
Гл.ред.Агошков Андрей Валерьевич |
| 260 ## - PUBLICATION, DISTRIBUTION, ETC. |
| Place of publication, distribution, etc. |
Москва |
| 260 ## - PUBLICATION, DISTRIBUTION, ETC. |
| Date of publication, distribution, etc. |
2014 |
| 300 ## - PHYSICAL DESCRIPTION |
| Extent |
105стр.26см. |
| 653 ## - INDEX TERM--UNCONTROLLED |
| Uncontrolled term |
Вопросы Культурологии. №10 2014 |
| 653 ## - INDEX TERM--UNCONTROLLED |
| Uncontrolled term |
Периодика |
| 653 ## - INDEX TERM--UNCONTROLLED |
| Uncontrolled term |
პერიოდიკა |
| 942 ## - ADDED ENTRY ELEMENTS (KOHA) |
| Koha item type |
პერიოდიკა |